Changing the world: challenges, opportunities and responsibilities book of abstracts

Gespeichert in:
Bibliographische Detailangaben
Körperschaft: Changing the world: challenges, opportunities and responsibilities. International conference on social sciences and humanities
Weitere Verfasser: Porjazoska Kujundziski, Aleksandra
Format: Buch
Sprache:Englisch
Veröffentlicht: Skopje International Balkan University 2017
Ausgabe:1st ed.
Schlagworte:
Tags: Tag hinzufügen
Keine Tags, Fügen Sie das erste Tag hinzu!

MARC

LEADER 00000nlm a2200000 4500
001 0231315
005 20240827081523.1
020 |a 978-608-65137-6-4 
041 0 |a eng 
044 |a MK 
245 1 0 |a Changing the world: challenges, opportunities and responsibilities  |b book of abstracts  |c editor: Aleksandra Porjazoska Kujundziski 
250 |a 1st ed. 
264 1 |a Skopje  |b International Balkan University  |c 2017 
300 |a online [127 s.] 
610 2 0 |a vedy spoločenské 
610 2 0 |a vedy humanitné 
610 2 0 |a politológia 
610 2 0 |a vzťahy medzinárodné 
610 2 0 |a vzdelávanie 
610 2 0 |a komunikácia 
610 2 0 |a manažment 
610 2 0 |a podnikanie 
610 2 0 |a ekonómia 
610 2 0 |a filozofia 
610 2 0 |a psychológia 
610 2 0 |a právo 
610 2 0 |a história 
610 2 0 |a umenie 
700 1 |a Porjazoska Kujundziski, Aleksandra 
110 2 |a Changing the world: challenges, opportunities and responsibilities. International conference on social sciences and humanities